Filipino : (Record no. 8423)

MARC details
000 -LEADER
fixed length control field 00701nam a22002177a 4500
003 - CONTROL NUMBER IDENTIFIER
control field OSt
005 - DATE AND TIME OF LATEST TRANSACTION
control field 20260218012958.0
008 - FIXED-LENGTH DATA ELEMENTS--GENERAL INFORMATION
fixed length control field 260218b |||||||| |||| 00| 0 eng d
020 ## - INTERNATIONAL STANDARD BOOK NUMBER
International Standard Book Number 978-621-412-044-4
040 ## - CATALOGING SOURCE
Original cataloging agency DWCL - Main lib.
Transcribing agency OC
082 ## - DEWEY DECIMAL CLASSIFICATION NUMBER
Classification number Fil. 899.211 J27f 2018
100 ## - MAIN ENTRY--PERSONAL NAME
Personal name Jamero, Dolores F.
245 ## - TITLE STATEMENT
Title Filipino :
Remainder of title panitikan at wika /
Statement of responsibility, etc. Dolores F. Jamero
260 ## - PUBLICATION, DISTRIBUTION, ETC.
Place of publication, distribution, etc. Quezon City, Philippines :
Name of publisher, distributor, etc. St Bernadette Publishing ,
Date of publication, distribution, etc. c2018.
300 ## - PHYSICAL DESCRIPTION
Extent x, 387 pages :
Other physical details colored illustrations ;
Dimensions 25 cm.
504 ## - BIBLIOGRAPHY, ETC. NOTE
Bibliography, etc. note 1.Includes index.
504 ## - BIBLIOGRAPHY, ETC. NOTE
Bibliography, etc. note 2.bibliography.
650 ## - SUBJECT ADDED ENTRY--TOPICAL TERM
Topical term or geographic name entry element 1.Filipino-Study and teaching
700 ## - ADDED ENTRY--PERSONAL NAME
Personal name Guevarra,Cecilia M.
Relator term Author
942 ## - ADDED ENTRY ELEMENTS (KOHA)
Source of classification or shelving scheme Dewey Decimal Classification
Koha item type Book-Filipiniana
Call number suffix Fil.
Suppress in OPAC No
952 ## - LOCATION AND ITEM INFORMATION (KOHA)
--
Holdings
Withdrawn status Lost status Source of classification or shelving scheme Damaged status Not for loan Home library Current library Shelving location Total Checkouts Full call number Barcode Date last seen Copy number Price effective from Koha item type Uniform Resource Identifier
    Dewey Decimal Classification     Junior High School Library Junior High School Library Filipiniana   Fil. 899.211 J27f 2018 JHS - 20904 02/18/2026 c1 02/18/2026 BK-FIL